| 000 | 01326cam a22002891i 4500 | ||
|---|---|---|---|
| 003 | SA-RiAUC | ||
| 005 | 20250211073315.0 | ||
| 008 | 250130s2002 su g 00010 ara c | ||
| 040 |
_aSA-JeALM _bara _cSA-RiAUC _erda |
||
| 041 | 1 |
_aara _hper |
|
| 082 | 0 | 4 |
_a259 _qSA-RiAUC |
| 090 |
_a259 _bص د ي |
||
| 100 | 1 |
_aصديق حسن خان، محمد صديق بن حسن بن علي، _d1248-1307 هجري _eمؤلف. |
|
| 245 | 1 | 0 |
_aفتاوى الإمام الشريف صديق حسن القنوجي البخاري، المسمى، بدليل الطالب على أرجح المطالب / _cاعتنى به محمد لقمان السلفي ؛ نقله من الفارسية إلى العربية ليث محمد لال محمد. |
| 246 | 3 | 3 | _aدليل الطالب على أرجح المطالب |
| 250 | _aالطبعة الأولى. | ||
| 264 | 1 |
_aالرياض : _bدار الداعي، _c2002 |
|
| 300 |
_a836 صفحة ؛ _c24 سم |
||
| 336 |
_aنص _btxt _2rdacontent _3كتاب |
||
| 337 |
_aبدون وسيط _bn _2rdamedia |
||
| 338 |
_aمجلد _bnc _2rdacarrier |
||
| 650 | 7 |
_aالفقه الإسلامي _2aucsh |
|
| 700 | 1 |
_aالسلفي، محمد لقمان، _d1943- _eمحقق. |
|
| 700 | 1 |
_aمحمد، ليث محمد لال _eمعرب. |
|
| 942 |
_2ddc _cBOOK _n0 |
||
| 949 |
_aSA-JeALM _d250130 _uosman123 _n1 |
||
| 999 |
_c5815 _d5815 |
||